<?xml version="1.0" encoding="UTF-8"?>
<record
    xmlns:xsi="http://www.w3.org/2001/XMLSchema-instance"
    xsi:schemaLocation="http://www.loc.gov/MARC21/slim http://www.loc.gov/standards/marcxml/schema/MARC21slim.xsd"
    xmlns="http://www.loc.gov/MARC21/slim">

  <leader>01292nam a2200265Ia 4500</leader>
  <controlfield tag="003">OSt</controlfield>
  <controlfield tag="005">20200921144823.0</controlfield>
  <controlfield tag="008">191128t1992    ck a   gr     000 0 spa d</controlfield>
  <datafield tag="020" ind1=" " ind2=" ">
    <subfield code="a">968451719X</subfield>
  </datafield>
  <datafield tag="040" ind1=" " ind2=" ">
    <subfield code="a">CO-JMCR</subfield>
    <subfield code="c">CO-JMCR</subfield>
  </datafield>
  <datafield tag="041" ind1=" " ind2=" ">
    <subfield code="a">spa</subfield>
  </datafield>
  <datafield tag="082" ind1="0" ind2="4">
    <subfield code="a">R /</subfield>
    <subfield code="b">658 B582b</subfield>
  </datafield>
  <datafield tag="100" ind1="1" ind2=" ">
    <subfield code="a">Equipo de Consultores Editoriales de McGraw-Hill, </subfield>
    <subfield code="e">compiladores</subfield>
    <subfield code="9">10594</subfield>
  </datafield>
  <datafield tag="245" ind1=" " ind2="0">
    <subfield code="a">Biblioteca pr&#xE1;ctica de negocios : </subfield>
    <subfield code="b">administraci&#xF3;n financiera / </subfield>
    <subfield code="c">compilado por el equipo de consultores editoriales de McGraw-Hill ; revisi&#xF3;n t&#xE9;cnica Jos&#xE9; I. Gil Mendoza, Marcia Gonz&#xE1;lez Osuna, Rafael Mirafuentes Magdaleno [y otros 4]</subfield>
  </datafield>
  <datafield tag="260" ind1=" " ind2=" ">
    <subfield code="a">Bogot&#xE1; : </subfield>
    <subfield code="b">McGraw-Hill,</subfield>
    <subfield code="c">&#xA9;1992</subfield>
  </datafield>
  <datafield tag="300" ind1=" " ind2=" ">
    <subfield code="b"> gr&#xE1;ficos a color ; </subfield>
    <subfield code="a">181 p&#xE1;ginas : </subfield>
    <subfield code="c">24 cm.</subfield>
  </datafield>
  <datafield tag="500" ind1=" " ind2=" ">
    <subfield code="a">Incluye &#xED;ndice anal&#xED;tico</subfield>
  </datafield>
  <datafield tag="505" ind1=" " ind2=" ">
    <subfield code="a">Elementos fundamentales -- Decisiones para inversiones a largo plazo -- Decisiones de financiamiento a largo plazo -- Decisiones de inversi&#xF3;n y financiamiento a corto plazo -- Valuaci&#xF3;n, decisiones y t&#xE9;cnicas financieras</subfield>
  </datafield>
  <datafield tag="546" ind1=" " ind2=" ">
    <subfield code="a">Traducido del ingl&#xE9;s</subfield>
  </datafield>
  <datafield tag="650" ind1="1" ind2="4">
    <subfield code="a">Administraci&#xF3;n financiera</subfield>
    <subfield code="9">5902</subfield>
  </datafield>
  <datafield tag="700" ind1=" " ind2=" ">
    <subfield code="a">Gil Mendoza, Jos&#xE9; I., </subfield>
    <subfield code="e">revisor</subfield>
    <subfield code="9">10588</subfield>
  </datafield>
  <datafield tag="700" ind1=" " ind2=" ">
    <subfield code="a">Gonz&#xE1;lez Osuna, Marcia, </subfield>
    <subfield code="e">revisor </subfield>
    <subfield code="9">1157</subfield>
  </datafield>
  <datafield tag="700" ind1=" " ind2=" ">
    <subfield code="a">Mirafuentes Magdaleno, Rafael, </subfield>
    <subfield code="e">revisor</subfield>
    <subfield code="9">10589</subfield>
  </datafield>
  <datafield tag="942" ind1=" " ind2=" ">
    <subfield code="2">ddc</subfield>
    <subfield code="c">BK</subfield>
  </datafield>
  <datafield tag="999" ind1=" " ind2=" ">
    <subfield code="c">4486</subfield>
    <subfield code="d">4486</subfield>
  </datafield>
  <datafield tag="952" ind1=" " ind2=" ">
    <subfield code="0">0</subfield>
    <subfield code="1">0</subfield>
    <subfield code="2">ddc</subfield>
    <subfield code="4">0</subfield>
    <subfield code="7">0</subfield>
    <subfield code="8">REF</subfield>
    <subfield code="a">CPL</subfield>
    <subfield code="b">CPL</subfield>
    <subfield code="d">2019-11-28</subfield>
    <subfield code="e">Donaci&#xF3;n</subfield>
    <subfield code="o">R / 658  B582b </subfield>
    <subfield code="p">201809481</subfield>
    <subfield code="r">2019-11-28 00:00:00</subfield>
    <subfield code="t">V.4 Ej.1</subfield>
    <subfield code="y">BK</subfield>
  </datafield>
</record>
